000 00561nam a22001817a 4500
005 20140409102314.0
010 _aENG-109602
020 _c250.00
_a9789351431107
035 _aEN-93135
037 _bDBAD/PUB
082 _a340
100 _aTiwari, Garima
245 0 0 _aUnderstanding laws :
_cby Garima Tiwari
_ba legal quotient primer /
260 _aGurgaon
_bLexis Nexis
_c2014
270 _a14th Floor, Bldg. No.10, Tower-B, DLF Cyber City, Phase-II
_bGurgaon
_e122002
300 _axxiii,294p.
_c23cm(pbk)
942 _2ddc
_cEN
_mTIW
_h340
999 _c83136
_d83136